000 00536cam a2200193 i 4500
005 20260407125524.0
008 250721s2000 xxu gr 000 f eng d
020 _a0194230015
082 1 4 _aF
_bT R E
100 1 _aTREASE, GEOFFREY
_eAuhtor.
245 1 4 _aTHE CROWN OF VIOLET /
_cGeoffrey Trease.
250 _asecond edition.
264 3 1 _bOXFORD BOOKWORMS LIBRARY,
_c2000.
_aNew York :
300 _a72 Pages.
650 1 7 _aENGLISH LITERATURE.
650 1 7 _aNOVELS.
942 _2ddc
_cBK
999 _c142297
_d142297